Perspectivas iusfilosoficas contemporáneas: Ross - Hart - Boblio - Dworkin - Villey

Gardado en:
Detalles Bibliográficos
Autor Principal: Vigo, Rodolfo Luis (Author)
Formato: Libro
Idioma:Lingua castelá
Publicado: Buenos Aires Abeledo-Perrot 1991
Subjects:
Tags: Engadir etiqueta
Sen Etiquetas, Sexa o primeiro en etiquetar este rexistro!

MARC

LEADER 00000nam a2200000 a 4500
001 UCV2897
003 CL-VaPUC
008 921221e19910000AG |||||||||||||||||spa|d
082 0 4 |a 340.1  |b VIG  |2 21 
100 0 |a Vigo, Rodolfo Luis  |e author  |9 297200 
245 1 0 |a Perspectivas iusfilosoficas contemporáneas: Ross - Hart - Boblio - Dworkin - Villey 
300 |a 299 p 
942 |c BK 
945 |d 19921221 00:00:00 
260 |a Buenos Aires  |b Abeledo-Perrot  |c 1991 
650 0 |a Filosofía del derecho   |9 255050 
583 |a last modification  |c 20130125 06:27:07  |k Rodrigo Vera 
999 |c 210351  |d 210349 
952 |0 0  |1 0  |4 0  |6 340_100000000000000_VIG_1991  |7 0  |8 DER_TF  |9 186499  |a BIBDER  |b BIBDER  |d 2019-11-14  |i 2539977  |l 5  |m 6  |o 340.1 VIG 1991  |p 2539977  |r 2024-05-20  |s 2023-07-20  |w 2019-11-14  |x Ubicación 4to Piso  |y BK  |z Estos recursos deben solicitarse con anticipación  |k DER